LEADER 02439nam 2200493 a 450 001 9910964519803321 005 20241205235210.0 010 0 $a9781118305867 010 0 $a1118305868 035 $a(MiAaPQ)EBC7103508 035 $a(CKB)24989718300041 035 $a(MiAaPQ)EBC836603 035 $a(Au-PeEL)EBL836603 035 $a(CaPaEBR)ebr10575509 035 $a(OCoLC)797919413 035 $a(Perlego)2776651 035 $a(EXLCZ)9924989718300041 100 $a20060314d2007 uy 0 101 0 $aeng 135 $aur||||||||||| 181 $ctxt$2rdacontent 182 $cc$2rdamedia 183 $acr$2rdacarrier 200 10$aSyntax $ea generative introduction /$fAndrew Carnie 205 $a2nd ed. 210 $aMalden, Mass. $cBlackwell Pub.$d2007 215 $axviii, 489 p. $cill 225 1 $aIntroducing linguistics ;$v4 320 $aIncludes bibliographical references and index. 327 $apt. 1. Preliminaries -- pt. 2. The base -- pt. 3. Movement -- pt. 4. Advanced topics -- pt. 5. Alternatives. 330 8 $aBuilding on the success of the bestselling first edition, the second edition of this textbook provides a comprehensive and accessible introduction to the major issues in Principles and Parameters syntactic theory, including phrase structure, the lexicon, case theory, movement, and locality conditions. * Includes new and extended problem sets in every chapter, all of which have been annotated for level and skill type * Features three new chapters on advanced topics including vP shells, object shells, control, gapping and ellipsis and an additional chapter on advanced topics in binding * Offers a brief survey of both Lexical-Functional Grammar and Head-Driven Phrase Structure Grammar * Succeeds in strengthening the reader's foundational knowledge, and prepares them for more advanced study * Supported by an instructor's manual and online resources for students and instructors, available at www.blackwellpublishing.com/carnie 410 0$aIntroducing linguistics ;$v4. 606 $aGenerative grammar 606 $aGrammar, Comparative and general$xSyntax 615 0$aGenerative grammar. 615 0$aGrammar, Comparative and general$xSyntax. 676 $a415 700 $aCarnie$b Andrew$f1969-$0297126 801 0$bMiAaPQ 801 1$bMiAaPQ 801 2$bMiAaPQ 912 $a9910964519803321 996 $aSyntax$9144793 997 $aUNINA